000 00430nam a2200181Ia 4500
001 17845
005 20260306171547.0
008 260306s9999||||xx |||||||||||||| ||und||
041 _aESP
082 _a658.3
_bA43J
100 _aAlles, Martha Alicia
_eAUT
245 0 _aSocial media y recursos humanos
260 _c2012
300 _a315 páginas :
_c23 cm.
650 _aGEN
654 _aCAN
942 _cLIB
_dJUS
_fJUS
_2ddc
_n
999 _c17845
_d17845